[Event "Pan American-ch School U15 12th"]
[Site "Callao"]
[Date "2023.10.19"]
[Round "6"]
[White "Calcina Arroyo, Richard Antonio Axe"]
[Black "Cardenas Lima, Vincent Matias"]
[Result "0-1"]
[WhiteElo "1427"]
[BlackElo "1682"]
[PlyCount "92"]
[EventDate "2023.10.16"]
[EventType "swiss"]
[EventRounds "9"]
[EventCountry "PER"]
[SourceTitle "Mega2024 Update 01"]
[Source "Chessbase"]
[SourceDate "2023.11.12"]
[SourceVersion "1"]
[SourceVersionDate "2023.11.12"]
[SourceQuality "1"]

1. d4 Nf6 2. Bf4 d5 3. e3 c5 4. Nc3 Nc6 5. Nb5 e5 6. dxe5 a6 7. Nc7+ Qxc7 8. exf6 Qa5+ 9. c3 Be6 10. Nf3 gxf6 11. a4 0-0-0 12. Be2 Bd6 13. Bxd6 Rxd6 14. 0-0 Rg8 15. Re1 Bh3 16. Bf1 Bf5 17. e4 Be6 18. e5 fxe5 19. Nxe5 Nxe5 20. Rxe5 Kb8 21. Qb1 Rg7 22. b4 cxb4 23. cxb4 Qc7 24. Qb2 d4 25. Rc5 Qd8 26. a5 Rg5 27. Rac1 Rxc5 28. bxc5 Rc6 29. Rb1 Qd7 30. Qb4 d3 31. Rd1 Bf5 32. Qf4+ Ka7 33. Qe3 Qd5 34. Bxd3 Bxd3 35. Rxd3 Qxc5 36. Qxc5+ Rxc5 37. Kf1 Rxa5 38. Rd7 Rf5 39. g4 Rf4 40. h3 a5 41. Kg2 a4 42. Kg3 Rf6 43. f4 a3 44. Rd1 b5 45. g5 Rb6 46. Kg4 b4 0-1

[Event "South America-ch U12 17th"]
[Site "Guayaquil"]
[Date "2022.01.28"]
[Round "6"]
[White "Garcia De la Rosa, Daniel Vladimir"]
[Black "Cardenas Lima, Vincent Matias"]
[Result "1/2-1/2"]
[WhiteElo "1347"]
[BlackElo "1568"]
[PlyCount "71"]
[EventDate "2022.01.25"]
[EventType "swiss"]
[EventRounds "9"]
[EventCountry "ECU"]
[SourceTitle "CBM 206 Extra"]
[Source "ChessBase"]
[SourceDate "2022.03.31"]
[SourceVersion "1"]
[SourceVersionDate "2022.03.31"]
[SourceQuality "1"]

1. e4 e5 2. Nf3 Nf6 3. Nc3 Nc6 4. Bb5 Bc5 5. 0-0 d6 6. d4 exd4 7. Nxd4 Bd7 8. Nb3 Bb6 9. Nd5 h6 10. Nxb6 axb6 11. Re1 0-0 12. Bd2 Re8 13. f3 Qe7 14. Bc3 Rad8 15. Qd2 Ne5 16. Bf1 Bc6 17. Rad1 Qf8 18. Nd4 Bd7 19. f4 Nc6 20. Nxc6 Bxc6 21. Bxf6 gxf6 22. Bd3 Kh8 23. Re3 f5 24. Rde1 fxe4 25. Bxe4 Bxe4 26. Qd4+ Qg7 27. Qxg7+ Kxg7 28. Rxe4 Rxe4 29. Rxe4 Kf6 30. Kf2 Ra8 31. a3 b5 32. g4 Ra4 33. Kf3 d5 34. Re5 Rd4 35. h4 Rd2 36. g5+ 1/2-1/2

[Event "South America-ch U12 17th"]
[Site "Guayaquil"]
[Date "2022.01.26"]
[Round "2"]
[White "Mancheno Barahona, Matias Gabriel"]
[Black "Cardenas Lima, Vincent Matias"]
[Result "1-0"]
[WhiteElo "1310"]
[BlackElo "1568"]
[PlyCount "39"]
[EventDate "2022.01.25"]
[EventType "swiss"]
[EventRounds "9"]
[EventCountry "ECU"]
[SourceTitle "CBM 206 Extra"]
[Source "ChessBase"]
[SourceDate "2022.03.31"]
[SourceVersion "1"]
[SourceVersionDate "2022.03.31"]
[SourceQuality "1"]

1. g3 Nf6 2. Bg2 g6 3. c4 Bg7 4. Nc3 0-0 5. d3 c5 6. Bg5 d6 7. Qd2 Re8 8. Bh6 Bh8 9. h4 Nc6 10. h5 Be6 11. Nf3 d5 12. Ng5 Nd4 13. cxd5 Bxd5 14. Nxd5 Nxd5 15. Nxh7 Kxh7 16. hxg6+ fxg6 17. Qg5 e6 18. Bf8+ Kg8 19. Rxh8+ Kf7 20. Rh7+ 1-0

[Event "Pan American-ch Hybrid U12 31st"]
[Site "Tornelo INT"]
[Date "2021.09.04"]
[Round "9"]
[White "Cardenas Lima, Vincent Matias"]
[Black "Marrujo Pardo, Mauricio Emmanuel"]
[Result "1/2-1/2"]
[WhiteElo "1446"]
[BlackElo "1969"]
[PlyCount "113"]
[EventDate "2021.09.04"]
[EventType "swiss"]
[EventRounds "9"]
[EventCountry "NET"]
[SourceTitle "EXT 2023"]
[Source "ChessBase"]
[SourceDate "2022.10.05"]
[SourceVersion "1"]
[SourceVersionDate "2022.10.05"]
[SourceQuality "1"]

1. e4 e5 2. Nf3 Nc6 3. Bc4 Bc5 4. c3 Nf6 5. d4 exd4 6. e5 d5 7. Bb5 Ne4 8. cxd4 Bb4+ 9. Bd2 0-0 10. Bxc6 Bxd2+ 11. Nfxd2 bxc6 12. Nxe4 dxe4 13. 0-0 Ba6 14. Re1 Bd3 15. Nc3 Qxd4 16. Rxe4 Qd8 17. Re3 Bg6 18. Qf3 Qd7 19. h4 h5 20. Ne4 Qd4 21. Nc3 Rab8 22. b3 Qxh4 23. Qxc6 Rbd8 24. Rd1 Rxd1+ 25. Nxd1 Rd8 26. Qc1 Qd4 27. Nc3 c6 28. e6 fxe6 29. Rxe6 Rf8 30. Qe3 Qxe3 31. fxe3 Rf6 32. Rxf6 gxf6 33. Kf2 Kf7 34. Kf3 Ke6 35. Kf4 a5 36. e4 Kd6 37. Na4 Bh7 38. g3 Bg6 39. Nb6 Kc5 40. Nd7+ Kb4 41. Nxf6 Ka3 42. e5 Bf7 43. Ne4 Kxa2 44. Nc5 Ka3 45. Ke4 Kb4 46. Kd4 Bd5 47. e6 Bxe6 48. Nxe6 Kxb3 49. Nc5+ Kc2 50. Kc4 Kd2 51. Kd4 Ke2 52. Ke4 Kf2 53. Kf4 Kg2 54. Na4 Kf2 55. Nc5 Kg2 56. Na4 Kf2 57. Nc5 1/2-1/2

[Event "Pan American-ch U10"]
[Site "Guayaquil"]
[Date "2019.07.22"]
[Round "3"]
[White "Cardenas Lima, Vincent Matias"]
[Black "Mane, Arnav"]
[Result "1-0"]
[WhiteElo "1482"]
[BlackElo "1168"]
[PlyCount "33"]
[EventDate "2019.07.21"]
[EventType "swiss"]
[EventRounds "9"]
[EventCountry "ECU"]
[SourceTitle "EXT 2020"]
[Source "ChessBase"]
[SourceDate "2019.10.17"]
[SourceVersion "1"]
[SourceVersionDate "2019.10.17"]
[SourceQuality "1"]

1. d4 d5 2. e3 e6 3. Bd3 Nf6 4. Nd2 b6 5. f4 c5 6. c3 c4 7. Bc2 b5 8. Ngf3 Be7 9. 0-0 0-0 10. Ne5 Bb7 11. g4 Nfd7 12. g5 f6 13. Bxh7+ Kxh7 14. Qh5+ Kg8 15. g6 Re8 16. Qh7+ Kf8 17. Qh8# 1-0

[Event "Wch U08"]
[Site "Pocos de Caldas"]
[Date "2017.08.28"]
[Round "7"]
[White "Cardenas Lima, Vincent Matias"]
[Black "Kononenko, Vladimir"]
[Result "0-1"]
[WhiteElo "1429"]
[BlackElo "1435"]
[PlyCount "66"]
[EventDate "2017.08.22"]
[EventType "swiss"]
[EventRounds "11"]
[EventCountry "BRA"]
[SourceTitle "CBM 180 Extra"]
[Source "ChessBase"]
[SourceDate "2017.10.06"]
[SourceVersion "1"]
[SourceVersionDate "2017.10.06"]
[SourceQuality "1"]

1. c4 Nf6 2. Nc3 e6 3. g3 d5 4. cxd5 exd5 5. Bg2 c6 6. d4 Bd6 7. e3 0-0 8. Nge2 Bf5 9. 0-0 Qc8 10. Re1 Bh3 11. Bh1 Re8 12. Na4 Nbd7 13. a3 Bf5 14. b4 Nb6 15. Nc5 Bxc5 16. bxc5 Nc4 17. Nc3 b5 18. Nb1 Rb8 19. Nd2 Qa6 20. Nxc4 bxc4 21. Bd2 Rb3 22. Bb4 Qa4 23. Qd2 Rd3 24. Qa2 a5 25. Bd2 Rb8 26. Bf3 Ne4 27. Rab1 Rdb3 28. Bd1 Nxd2 29. Bxb3 Bxb1 30. Bxa4 Bxa2 31. Bxc6 Nf3+ 32. Kf1 Nxe1 33. Kxe1 c3 0-1